European office property markets 2007 (Record no. 107589)

MARC details
000 -LEADER
fixed length control field 01554cad a22002415a 4500
001 - CONTROL NUMBER
control field L140979
008 - FIXED-LENGTH DATA ELEMENTS--GENERAL INFORMATION
fixed length control field 071024s2007 xxkd f s 000 0 eng d
035 ## - SYSTEM CONTROL NUMBER
System control number (Sirsi) u140979
041 0# - LANGUAGE CODE
Language code of text/sound track or separate title eng
050 04 - LIBRARY OF CONGRESS CALL NUMBER
Classification number 333.337 $2 18
110 2# - MAIN ENTRY--CORPORATE NAME
Corporate name or jurisdiction name as entry element King Sturge
9 (RLIN) 3877
245 00 - TITLE STATEMENT
Title European office property markets 2007
Medium [electronic resource]
260 ## - PUBLICATION, DISTRIBUTION, ETC.
Place of publication, distribution, etc. [S.l.]
Name of publisher, distributor, etc. King Sturge
Date of publication, distribution, etc. 2007
490 #0 - SERIES STATEMENT
Series statement King Sturge European Office Property Markets
Volume/sequential designation 2007
520 ## - SUMMARY, ETC.
Summary, etc. Reports that most European regions have experienced rising office rents and increased occupier demand, due to strong economic growth and falling unemployment. Estimated growth in total take-up in Western Europe is predicted to be 8.4% to the end of 2007, up from 7.7% in 2006. In terms of office space, vacancy rates are set to fall to 7.6% in Western Europe by the end of 2007 and to 6.8% in Central and Eastern Europe. In Western Europe, prime office rental growth is predicted to reach 10.8% in 2007, compared with 4.4% in 2006, with strong growth likely in London's City and West End markets, Paris and Madrid. After a poor performance in 2006, rental growth in Central Europe is expected to reach 20.7% in 2007.
590 ## - LOCAL NOTE (RLIN)
Local note KA
650 24 - SUBJECT ADDED ENTRY--TOPICAL TERM
Topical term or geographic name entry element KING STURGE EUROPEAN OFFICE PROPERTY MARKETS
651 #4 - SUBJECT ADDED ENTRY--GEOGRAPHIC NAME
Geographic name Europe
690 ## - LOCAL SUBJECT ADDED ENTRY--TOPICAL TERM (OCLC, RLIN)
Topical term or geographic name as entry element PROPERTY-COMMERCIAL PROPERTY-COMMERCIAL PROPERTY MARKET
690 ## - LOCAL SUBJECT ADDED ENTRY--TOPICAL TERM (OCLC, RLIN)
Topical term or geographic name as entry element PROPERTY-COMMERCIAL PROPERTY-OFFICE PROPERTY
856 40 - ELECTRONIC LOCATION AND ACCESS
Uniform Resource Identifier <a href="https://www.kingsturge.com/">https://www.kingsturge.com/</a>
Public note View the research report free of charge (registration required) at www.kingsturge.com...
942 ## - ADDED ENTRY ELEMENTS (KOHA)
Suppress in OPAC 0
Holdings
Withdrawn status Lost status Source of classification or shelving scheme Damaged status Not for loan Home library Current library Shelving location Date acquired Total Checkouts Full call number Barcode Date last seen Copy number Price effective from Koha item type
    Dewey Decimal Classification     Virtual Virtual Online 24/10/2007   ONLINE PUBLICATION 140979-2001 06/08/2019 1 06/08/2019 Book